| 000 | 00408nam a2200169Ia 4500 | ||
|---|---|---|---|
| 003 | OSt | ||
| 005 | 20240201150934.0 | ||
| 008 | 170619s9999 xx 000 0 und d | ||
| 020 | _a9780070607378 | ||
| 040 | _cIIMT ENGINEERING COLLEGE | ||
| 100 | _aRichard MA | ||
| 245 | 0 | _aFundamentals of Radar Signal Processing | |
| 260 | _bNew Delhi : TMH | ||
| 260 | _c2007 | ||
| 546 | _aENGLISH | ||
| 942 |
_2ddc _c02 |
||
| 999 |
_c18392 _d18392 |
||